000 00462nam a22001937a 4500
003 MPLRDC
005 20220104142601.0
008 210129b ||||| |||| 00| 0 eng d
020 _a978-7-5639-1907-9
082 _a244.9 SY
100 _a孙玥
245 _a守约
_c
250 _a一版一刷
260 _a中国
_b北京工业大学出版社
_c2008
300 _b191
490 _a经传系列
650 _a基督徒生活
942 _cBK
_o244.9 SY
999 _c32054
_d32044